KOHA-Header-6

International Encyclopedia of Business & Management (Record no. 9436)

000 -LEADER
fixed length control field 00302nam a2200109Ia 4500
100 ## - MAIN ENTRY--AUTHOR NAME
Personal name Malcolm Warner
245 #0 - TITLE STATEMENT
Title International Encyclopedia of Business & Management
260 ## - PUBLICATION, DISTRIBUTION, ETC. (IMPRINT)
Place of publication New Jersey
Name of publisher Thomson South-Western
Year of publication 1995
300 ## - PHYSICAL DESCRIPTION
Number of Pages 251
942 ## - ADDED ENTRY ELEMENTS (KOHA)
Koha item type Books
Holdings
Withdrawn status Lost status Permanent Location Current Location Date acquired Full call number Accession Number Koha item type
    MAJU MAJU 2019-09-14 658.15 5183 Books

Powered by Koha